000 01025cam a2200325 a 4500
001 1673016
003 OSt
005 20140310182727.0
008 981028s1999 nyuab 001 0 eng
010 _a 98049624
020 _a9789814314787
040 _aDLC
_cDLC
_dDLC
050 0 0 _aG 155
_b.M269 2011
100 1 _aMancini, Marc,
_d1946-
245 1 0 _aSelling destinations :
_bgeography for the travel professional /
_cMarc Mancini.
250 _aPhilippine ed.
260 _aAlbany, NY :
_bDelmar,
_c2011.
300 _a559 p. :
_bill., maps ;
_c28 cm.
500 _aIncludes index.
521 _aTOU
562 _eFor circulation. 2 copy available in the collection
650 0 _aTourism.
650 0 _aGeography.
906 _a7
_bcbc
_corignew
_d1
_eocip
_f19
_gy-gencatlg
942 _2lcc
_cBK
_kFOR
999 _c15413
_d15413